<?xml version="1.0" encoding="UTF-8"?>
<record
    xmlns:xsi="http://www.w3.org/2001/XMLSchema-instance"
    xsi:schemaLocation="http://www.loc.gov/MARC21/slim http://www.loc.gov/standards/marcxml/schema/MARC21slim.xsd"
    xmlns="http://www.loc.gov/MARC21/slim">

  <leader>00862nam0a22002291  4500</leader>
  <controlfield tag="001">v19\rc\1222054</controlfield>
  <controlfield tag="005">20260407121437.0</controlfield>
  <datafield tag="035" ind1=" " ind2=" ">
    <subfield code="a">(NLR Aleph) 004383980</subfield>
  </datafield>
  <datafield tag="090" ind1=" " ind2=" ">
    <subfield code="a">3663906</subfield>
    <subfield code="c">3663906</subfield>
  </datafield>
  <datafield tag="100" ind1=" " ind2=" ">
    <subfield code="a">20060306d1876    |||y0rusy50      ca</subfield>
  </datafield>
  <datafield tag="101" ind1="0" ind2=" ">
    <subfield code="a">rus</subfield>
  </datafield>
  <datafield tag="102" ind1=" " ind2=" ">
    <subfield code="a">RU</subfield>
  </datafield>
  <datafield tag="105" ind1=" " ind2=" ">
    <subfield code="a">y   z   |||||</subfield>
  </datafield>
  <datafield tag="200" ind1="1" ind2=" ">
    <subfield code="a">&#x41E; &#x441;&#x43E;&#x441;&#x442;&#x430;&#x432;&#x435; &#x422;&#x440;&#x43E;&#x449;&#x438;&#x43D;&#x441;&#x43A;&#x43E;&#x433;&#x43E; &#x434;&#x43B;&#x44F; &#x447;&#x435;&#x440;&#x43D;&#x435;&#x43D;&#x438;&#x44F; &#x430;&#x43C;&#x443;&#x43D;&#x438;&#x447;&#x43D;&#x44B;&#x445; &#x44E;&#x444;&#x442;&#x43E;&#x432;&#x44B;&#x445; &#x440;&#x435;&#x43C;&#x43D;&#x435;&#x439;</subfield>
    <subfield code="e">(&#x41F;&#x43E; &#x413;&#x43B;&#x430;&#x432;. &#x438;&#x43D;&#x442;&#x435;&#x43D;&#x434;&#x430;&#x43D;&#x442;&#x441;&#x43A;. &#x443;&#x43F;&#x440;.)</subfield>
    <subfield code="e">&#x426;&#x438;&#x440;&#x43A;&#x443;&#x43B;&#x44F;&#x440;&#x43D;&#x43E;, 16-&#x433;&#x43E; &#x43D;&#x43E;&#x44F;&#x431;&#x440;&#x44F; 1876 &#x433;.</subfield>
    <subfield code="f">&#x41C;-&#x432;&#x43E; &#x432;&#x43E;&#x435;&#x43D;. &#x413;&#x43B;&#x430;&#x432;. &#x448;&#x442;&#x430;&#x431;</subfield>
  </datafield>
  <datafield tag="210" ind1=" " ind2=" ">
    <subfield code="a">[&#x421;&#x430;&#x43D;&#x43A;&#x442;-&#x41F;&#x435;&#x442;&#x435;&#x440;&#x431;&#x443;&#x440;&#x433;]</subfield>
    <subfield code="d">&#x446;&#x435;&#x43D;&#x437;. 1876</subfield>
  </datafield>
  <datafield tag="215" ind1=" " ind2=" ">
    <subfield code="a">[2] &#x441;.</subfield>
  </datafield>
  <datafield tag="710" ind1="0" ind2="1">
    <subfield code="a">&#x420;&#x43E;&#x441;&#x441;&#x438;&#x44F;</subfield>
    <subfield code="b">&#x413;&#x43B;&#x430;&#x432;&#x43D;&#x44B;&#x439; &#x448;&#x442;&#x430;&#x431;</subfield>
    <subfield code="3">RU\NLR\AUTH\889955358</subfield>
    <subfield code="9">406795</subfield>
  </datafield>
  <datafield tag="801" ind1=" " ind2="0">
    <subfield code="a">RU</subfield>
    <subfield code="b">NLR</subfield>
    <subfield code="g">psbo</subfield>
  </datafield>
  <datafield tag="801" ind1=" " ind2="1">
    <subfield code="a">RU</subfield>
    <subfield code="b">ProSoft-M</subfield>
    <subfield code="2">rusmarc</subfield>
  </datafield>
  <datafield tag="852" ind1=" " ind2=" ">
    <subfield code="a">NLR</subfield>
    <subfield code="j">18.142.3.49</subfield>
  </datafield>
  <datafield tag="942" ind1=" " ind2=" ">
    <subfield code="c">BOOK</subfield>
  </datafield>
  <datafield tag="980" ind1=" " ind2=" ">
    <subfield code="a">NB</subfield>
  </datafield>
  <datafield tag="995" ind1=" " ind2=" ">
    <subfield code="5">2013-10-26</subfield>
    <subfield code="b">NLR02</subfield>
    <subfield code="c">NLR02</subfield>
    <subfield code="e">RFS</subfield>
    <subfield code="f">4383980-10</subfield>
    <subfield code="k">18.142.3.49</subfield>
    <subfield code="o">0</subfield>
    <subfield code="r">BOOK</subfield>
    <subfield code="s">18142349_</subfield>
  </datafield>
</record>
